[Event "DEM U14w 2023"]
[Site "Willingen GER"]
[Date "2023.05.30"]
[Round "4"]
[White "Moldovan, Stela"]
[Black "Dodul, Alice"]
[Result "1-0"]
[Termination "normal"]
[Board "10"]
[WhiteElo "1335"]
[BlackElo "1430"]
[WhiteClock "01:20:45"]
[BlackClock "00:40:02"]
[PlyCount "53"]
[WhiteFideId "16287380"]
[BlackFideId "34623817"]
[EventCountry "GER"]
[EventRounds "9"]
[EventType "swiss"]
[EventDate "2023.05.27"]

1. d4 {[%clk 01:30:54]} {[%emt 00:00:06]} Nf6 {[%clk 01:30:49]} {[%emt
00:00:11]} 2. Nf3 {[%clk 01:31:17]} {[%emt 00:00:07]} d5 {[%clk 01:31:13]}
{[%emt 00:00:06]} 3. e3 {[%clk 01:31:38]} {[%emt 00:00:09]} e6 {[%clk
01:31:34]} {[%emt 00:00:09]} 4. Bd3 {[%clk 01:32:02]} {[%emt 00:00:07]} c5
{[%clk 01:31:42]} {[%emt 00:00:23]} 5. b3 {[%clk 01:32:24]} {[%emt 00:00:07]}
Nc6 {[%clk 01:31:46]} {[%emt 00:00:26]} 6. Bb2 {[%clk 01:32:24]} {[%emt
00:00:30]} Bd6 {[%clk 01:31:55]} {[%emt 00:00:21]} 7. a3 {[%clk 01:32:34]}
{[%emt 00:00:20]} O-O {[%clk 01:30:48]} {[%emt 00:01:37]} 8. Nbd2 {[%clk
01:32:49]} {[%emt 00:00:15]} Qe7 {[%clk 01:26:41]} {[%emt 00:04:36]} 9. O-O
{[%clk 01:32:24]} {[%emt 00:00:56]} Nd7 {[%clk 01:20:29]} {[%emt 00:06:42]} 10.
c4 {[%clk 01:30:22]} {[%emt 00:02:32]} cxd4 {[%clk 01:17:54]} {[%emt 00:03:05]}
11. exd4 {[%clk 01:30:32]} {[%emt 00:00:20]} dxc4 {[%clk 01:16:11]} {[%emt
00:02:13]} 12. Nxc4 {[%clk 01:30:13]} {[%emt 00:00:49]} Bc7 {[%clk 01:15:20]}
{[%emt 00:01:21]} 13. Qc2 {[%clk 01:29:24]} {[%emt 00:01:18]} h6 {[%clk
01:14:44]} {[%emt 00:01:07]} 14. Nfe5 {[%clk 01:28:56]} {[%emt 00:00:58]} Ndxe5
{[%clk 01:12:11]} {[%emt 00:03:02]} 15. dxe5 {[%clk 01:28:35]} {[%emt
00:00:52]} a6 {[%clk 01:09:37]} {[%emt 00:03:04]} 16. f4 {[%clk 01:25:20]}
{[%emt 00:03:44]} Bd7 {[%clk 00:58:39]} {[%emt 00:11:29]} 17. Rf3 {[%clk
01:23:02]} {[%emt 00:02:43]} Rac8 {[%clk 00:52:01]} {[%emt 00:07:13]} 18. Qd1
{[%clk 01:20:37]} {[%emt 00:02:45]} b5 {[%clk 00:48:42]} {[%emt 00:03:59]} 19.
Nd6 {[%clk 01:20:10]} {[%emt 00:00:55]} Bxd6 {[%clk 00:45:04]} {[%emt
00:04:10]} 20. exd6 {[%clk 01:20:24]} {[%emt 00:00:15]} Qh4 {[%clk 00:44:48]}
{[%emt 00:00:46]} 21. Rg3 {[%clk 01:19:46]} {[%emt 00:01:06]} f6 {[%clk
00:43:29]} {[%emt 00:01:52]} 22. Rg4 {[%clk 01:19:58]} {[%emt 00:00:14]} Qh5
{[%clk 00:41:18]} {[%emt 00:02:45]} 23. Rxg7+ {[%clk 01:19:45]} {[%emt
00:00:42]} Kxg7 {[%clk 00:41:41]} {[%emt 00:00:07]} 24. Qxh5 {[%clk 01:20:07]}
{[%emt 00:00:09]} Rh8 {[%clk 00:40:38]} {[%emt 00:01:32]} 25. Qg6+ {[%clk
01:20:02]} {[%emt 00:00:36]} Kf8 {[%clk 00:40:41]} {[%emt 00:00:27]} 26. Qxf6+
{[%clk 01:20:23]} {[%emt 00:00:09]} Kg8 {[%clk 00:40:02]} {[%emt 00:01:08]} 27.
Qg7# {[%clk 01:20:45]} {[%emt 00:00:08]} 1-0

[Event "DEM U14w 2023"]
[Site "Willingen GER"]
[Date "2023.05.30"]
[Round "4"]
[White "Kopylov, Diana"]
[Black "Lorenz, Rebecca"]
[Result "1-0"]
[Termination "normal"]
[Board "11"]
[WhiteElo "1378"]
[BlackElo "770"]
[WhiteClock "00:46:24"]
[BlackClock "00:40:49"]
[PlyCount "49"]
[WhiteFideId "16268865"]
[BlackFideId "34610944"]
[EventCountry "GER"]
[EventRounds "9"]
[EventType "swiss"]
[EventDate "2023.05.27"]

1. d4 {[%clk 01:30:59]} Nf6 {[%clk 01:30:42]} {[%emt 00:00:19]} 2. c4 {[%clk
01:31:20]} {[%emt 00:00:08]} g6 {[%clk 01:30:53]} {[%emt 00:00:20]} 3. Nc3
{[%clk 01:31:17]} {[%emt 00:00:33]} Bg7 {[%clk 01:30:58]} {[%emt 00:00:24]} 4.
f3 {[%clk 01:31:30]} {[%emt 00:00:17]} O-O {[%clk 01:30:07]} {[%emt 00:01:21]}
5. e4 {[%clk 01:31:50]} {[%emt 00:00:10]} e6 {[%clk 01:28:28]} {[%emt
00:02:10]} 6. Be3 {[%clk 01:31:53]} {[%emt 00:00:26]} a6 {[%clk 01:25:44]}
{[%emt 00:03:15]} 7. Qd2 {[%clk 01:30:31]} {[%emt 00:01:51]} b6 {[%clk
01:22:47]} {[%emt 00:03:28]} 8. Nge2 {[%clk 01:26:21]} {[%emt 00:04:40]} d6
{[%clk 01:21:11]} {[%emt 00:02:07]} 9. Bh6 {[%clk 01:20:40]} {[%emt 00:06:09]}
Re8 {[%clk 01:16:40]} {[%emt 00:05:01]} 10. h4 {[%clk 01:17:40]} {[%emt
00:03:30]} Re7 {[%clk 01:12:37]} {[%emt 00:04:34]} 11. g4 {[%clk 01:12:06]}
{[%emt 00:06:03]} Qf8 {[%clk 01:05:48]} {[%emt 00:07:19]} 12. Bxg7 {[%clk
01:04:04]} {[%emt 00:08:33]} Qxg7 {[%clk 01:05:01]} {[%emt 00:01:15]} 13. h5
{[%clk 01:02:46]} {[%emt 00:01:49]} g5 {[%emt 00:03:26]} 14. h6 {[%clk
01:01:30]} {[%emt 00:01:43]} Qg6 {[%clk 01:00:35]} {[%emt 00:02:03]} 15. e5
{[%clk 00:58:57]} {[%emt 00:03:04]} dxe5 {[%clk 00:55:55]} {[%emt 00:05:10]}
16. dxe5 {[%clk 00:54:10]} {[%emt 00:05:16]} Nfd7 {[%clk 00:54:02]} {[%emt
00:02:23]} 17. Rh5 {[%clk 00:50:53]} {[%emt 00:03:47]} Kh8 {[%clk 00:52:23]}
{[%emt 00:02:10]} 18. Rxg5 {[%clk 00:49:57]} {[%emt 00:01:26]} Qxh6 {[%clk
00:49:33]} {[%emt 00:03:19]} 19. Rg8+ {[%clk 00:49:47]} {[%emt 00:00:41]} Kxg8
{[%clk 00:49:56]} {[%emt 00:00:06]} 20. Qxh6 {[%clk 00:50:11]} {[%emt
00:00:06]} Nc6 {[%clk 00:47:58]} {[%emt 00:02:28]} 21. f4 {[%clk 00:48:28]}
{[%emt 00:02:14]} Bb7 {[%clk 00:47:08]} {[%emt 00:01:20]} 22. Ne4 {[%clk
00:47:40]} {[%emt 00:01:16]} Nb4 {[%clk 00:43:49]} {[%emt 00:03:51]} 23. Nf6+
{[%clk 00:45:46]} {[%emt 00:02:23]} Nxf6 {[%clk 00:43:05]} {[%emt 00:01:15]}
24. exf6 {[%clk 00:46:03]} {[%emt 00:00:13]} Kh8 {[%clk 00:40:49]} {[%emt
00:02:46]} 25. Qg7# {[%clk 00:46:24]} {[%emt 00:00:07]} 1-0

[Event "DEM U14w 2023"]
[Site "Willingen GER"]
[Date "2023.05.30"]
[Round "4"]
[White "Hergenröder, Cora"]
[Black "Ignatova, Gabriela"]
[Result "1-0"]
[Termination "normal"]
[Board "12"]
[WhiteElo "1466"]
[BlackElo "1146"]
[WhiteClock "00:19:10"]
[BlackClock "00:53:21"]
[PlyCount "107"]
[WhiteFideId "34603700"]
[BlackFideId "34623698"]
[EventCountry "GER"]
[EventRounds "9"]
[EventType "swiss"]
[EventDate "2023.05.27"]

1. d4 {[%clk 01:30:57]} {[%emt 00:00:02]} d5 {[%clk 01:30:56]} {[%emt
00:00:05]} 2. c4 {[%clk 01:31:22]} {[%emt 00:00:04]} e6 {[%clk 01:31:20]}
{[%emt 00:00:06]} 3. Nc3 {[%clk 01:31:45]} {[%emt 00:00:07]} Nf6 {[%clk
01:31:01]} {[%emt 00:00:49]} 4. cxd5 {[%clk 01:32:10]} {[%emt 00:00:05]} exd5
{[%clk 01:31:16]} {[%emt 00:00:16]} 5. Bg5 {[%clk 01:32:35]} {[%emt 00:00:05]}
Be7 {[%clk 01:31:13]} {[%emt 00:00:32]} 6. e3 {[%clk 01:33:01]} {[%emt
00:00:05]} Bf5 {[%clk 01:23:47]} {[%emt 00:07:56]} 7. Bd3 {[%clk 01:11:21]}
{[%emt 00:22:09]} Bxd3 {[%clk 01:04:50]} {[%emt 00:19:26]} 8. Qxd3 {[%clk
01:11:45]} {[%emt 00:00:06]} c6 {[%clk 01:05:07]} {[%emt 00:00:14]} 9. Nge2
{[%clk 01:12:02]} {[%emt 00:00:13]} Nbd7 {[%clk 01:03:50]} {[%emt 00:01:47]}
10. O-O {[%clk 01:11:14]} {[%emt 00:01:18]} O-O {[%clk 01:03:36]} {[%emt
00:00:44]} 11. f3 {[%clk 01:02:59]} {[%emt 00:08:45]} c5 {[%clk 00:50:20]}
{[%emt 00:13:46]} 12. Bh4 {[%clk 00:53:32]} {[%emt 00:09:55]} cxd4 {[%clk
00:41:36]} {[%emt 00:09:16]} 13. Nxd4 {[%clk 00:52:43]} {[%emt 00:01:19]} Rc8
{[%clk 00:41:03]} {[%emt 00:01:03]} 14. Nf5 {[%clk 00:37:48]} {[%emt 00:15:25]}
Ne5 {[%clk 00:37:39]} {[%emt 00:03:54]} 15. Nxe7+ {[%clk 00:35:01]} {[%emt
00:03:18]} Qxe7 {[%clk 00:35:52]} {[%emt 00:02:16]} 16. Bxf6 {[%clk 00:31:07]}
{[%emt 00:04:24]} Qxf6 {[%clk 00:35:57]} {[%emt 00:00:25]} 17. Qxd5 {[%clk
00:24:08]} {[%emt 00:07:28]} Nc4 {[%clk 00:35:56]} {[%emt 00:00:30]} 18. Nd1
{[%clk 00:15:42]} {[%emt 00:08:58]} b6 {[%clk 00:31:02]} {[%emt 00:05:25]} 19.
Rc1 {[%clk 00:07:29]} {[%emt 00:08:42]} Nxb2 {[%clk 00:29:50]} {[%emt
00:01:42]} 20. Nxb2 {[%clk 00:06:18]} {[%emt 00:01:41]} Qxb2 {[%clk 00:29:38]}
{[%emt 00:00:41]} 21. Rxc8 {[%clk 00:06:29]} {[%emt 00:00:21]} Rxc8 {[%clk
00:29:57]} {[%emt 00:00:10]} 22. Qd7 {[%clk 00:06:10]} {[%emt 00:00:49]} Rf8
{[%clk 00:29:52]} {[%emt 00:00:34]} 23. Qxa7 {[%clk 00:06:07]} {[%emt
00:00:35]} h6 {[%clk 00:29:57]} {[%emt 00:00:24]} 24. Rd1 {[%clk 00:05:22]}
{[%emt 00:01:15]} Rc8 {[%clk 00:29:29]} {[%emt 00:00:57]} 25. Qd7 {[%clk
00:02:40]} {[%emt 00:03:13]} Rc2 {[%clk 00:29:14]} {[%emt 00:00:45]} 26. Qe8+
{[%clk 00:02:44]} {[%emt 00:00:26]} Kh7 {[%clk 00:29:14]} {[%emt 00:00:29]} 27.
Qe4+ {[%clk 00:03:10]} {[%emt 00:00:05]} g6 {[%clk 00:28:21]} {[%emt 00:01:23]}
28. f4 {[%clk 00:03:08]} {[%emt 00:00:31]} Rc1 {[%clk 00:27:11]} {[%emt
00:01:41]} 29. Rxc1 {[%clk 00:03:01]} {[%emt 00:00:37]} Qxc1+ {[%clk 00:27:15]}
{[%emt 00:00:26]} 30. Kf2 {[%clk 00:03:27]} {[%emt 00:00:04]} Qd2+ {[%clk
00:27:29]} {[%emt 00:00:14]} 31. Kf3 {[%clk 00:03:34]} {[%emt 00:00:24]} Qxa2
{[%clk 00:27:39]} {[%emt 00:00:20]} 32. h4 {[%clk 00:02:29]} {[%emt 00:01:35]}
b5 {[%clk 00:27:23]} {[%emt 00:00:47]} 33. h5 {[%clk 00:02:37]} {[%emt
00:00:22]} Qe6 {[%clk 00:26:21]} {[%emt 00:01:31]} 34. hxg6+ {[%clk 00:01:55]}
{[%emt 00:01:13]} Qxg6 {[%clk 00:26:31]} {[%emt 00:00:20]} 35. Qb7 {[%clk
00:01:34]} {[%emt 00:00:51]} h5 {[%clk 00:25:04]} {[%emt 00:01:57]} 36. Qxb5
{[%clk 00:01:18]} {[%emt 00:00:46]} f5 {[%clk 00:24:59]} {[%emt 00:00:35]} 37.
Qd7+ {[%clk 00:01:02]} {[%emt 00:00:46]} Kh6 {[%clk 00:24:54]} {[%emt
00:00:35]} 38. Qd8 {[%clk 00:00:38]} {[%emt 00:00:54]} Qg7 {[%clk 00:23:27]}
{[%emt 00:01:57]} 39. Qd6+ {[%clk 00:00:43]} {[%emt 00:00:25]} Kh7 {[%clk
00:23:20]} {[%emt 00:00:36]} 40. Qe6 {[%clk 00:00:48]} {[%emt 00:00:26]} Qg4+
{[%clk 00:22:22]} {[%emt 00:01:27]} 41. Kf2 {[%clk 00:28:06]} {[%emt 00:05:18]}
h4 {[%clk 00:52:13]} {[%emt 00:00:40]} 42. Qd7+ {[%clk 00:25:53]} {[%emt
00:02:43]} Kg6 {[%clk 00:51:42]} {[%emt 00:01:00]} 43. Qc6+ {[%clk 00:23:19]}
{[%emt 00:03:05]} Kf7 {[%clk 00:51:31]} {[%emt 00:00:41]} 44. Qf3 {[%clk
00:21:23]} {[%emt 00:02:26]} Qxf3+ {[%clk 00:51:06]} {[%emt 00:00:54]} 45. gxf3
{[%clk 00:18:06]} {[%emt 00:03:48]} Ke6 {[%clk 00:51:19]} {[%emt 00:00:17]} 46.
Kg2 {[%clk 00:18:13]} {[%emt 00:00:23]} Kd5 {[%clk 00:51:35]} {[%emt 00:00:14]}
47. Kh3 {[%clk 00:18:18]} {[%emt 00:00:24]} Kc4 {[%clk 00:51:49]} {[%emt
00:00:17]} 48. Kxh4 {[%clk 00:18:36]} {[%emt 00:00:12]} Kd3 {[%clk 00:51:56]}
{[%emt 00:00:23]} 49. Kg5 {[%clk 00:18:23]} {[%emt 00:00:43]} Kxe3 {[%clk
00:52:12]} {[%emt 00:00:14]} 50. Kxf5 {[%clk 00:18:36]} {[%emt 00:00:16]} Kxf3
{[%clk 00:52:33]} {[%emt 00:00:10]} 51. Ke5 {[%clk 00:18:42]} {[%emt 00:00:23]}
Kg4 {[%clk 00:52:42]} {[%emt 00:00:20]} 52. f5 {[%clk 00:18:30]} {[%emt
00:00:43]} Kg5 {[%clk 00:53:03]} {[%emt 00:00:09]} 53. Ke6 {[%clk 00:18:49]}
{[%emt 00:00:11]} Kf4 {[%clk 00:53:21]} {[%emt 00:00:12]} 54. f6 {[%clk
00:19:10]} {[%emt 00:00:10]} 1-0

[Event "DEM U14w 2023"]
[Site "Willingen GER"]
[Date "2023.05.30"]
[Round "4"]
[White "Abram, Kristina-Maria"]
[Black "Rabe, Elina"]
[Result "1-0"]
[Termination "normal"]
[Board "13"]
[WhiteElo "1228"]
[BlackElo "1066"]
[WhiteClock "01:04:49"]
[BlackClock "00:24:52"]
[PlyCount "77"]
[WhiteFideId "16298349"]
[BlackFideId "34623531"]
[EventCountry "GER"]
[EventRounds "9"]
[EventType "swiss"]
[EventDate "2023.05.27"]

1. e4 {[%clk 01:30:58]} {[%emt 00:00:01]} c5 {[%clk 01:30:57]} {[%emt
00:00:04]} 2. b3 {[%clk 01:31:18]} {[%emt 00:00:10]} Nc6 {[%clk 01:30:18]}
{[%emt 00:01:09]} 3. Bb2 {[%clk 01:30:52]} {[%emt 00:00:55]} e5 {[%clk
01:30:02]} {[%emt 00:00:47]} 4. Bc4 {[%clk 01:29:47]} {[%emt 00:01:34]} Nf6
{[%clk 01:28:18]} {[%emt 00:02:16]} 5. Nc3 {[%clk 01:28:47]} {[%emt 00:01:29]}
d6 {[%clk 01:27:06]} {[%emt 00:01:42]} 6. Nge2 {[%clk 01:26:34]} {[%emt
00:02:42]} Be6 {[%clk 01:24:34]} {[%emt 00:03:03]} 7. Nd5 {[%clk 01:22:53]}
{[%emt 00:04:11]} Nxe4 {[%clk 01:19:26]} {[%emt 00:05:37]} 8. d3 {[%clk
01:20:48]} {[%emt 00:02:35]} Nf6 {[%clk 01:19:28]} {[%emt 00:00:29]} 9. O-O
{[%clk 01:20:46]} {[%emt 00:00:32]} Nxd5 {[%clk 01:19:38]} {[%emt 00:00:20]}
10. Bxd5 {[%clk 01:20:47]} {[%emt 00:00:29]} Bxd5 {[%clk 01:19:51]} {[%emt
00:00:17]} 11. Re1 {[%clk 01:20:22]} {[%emt 00:00:54]} Qd7 {[%clk 01:18:06]}
{[%emt 00:02:17]} 12. c4 {[%clk 01:18:18]} {[%emt 00:02:33]} Be6 {[%clk
01:17:26]} {[%emt 00:01:10]} 13. f4 {[%clk 01:18:05]} {[%emt 00:00:43]} O-O-O
{[%clk 01:16:35]} {[%emt 00:01:22]} 14. Qd2 {[%clk 01:16:54]} {[%emt 00:01:40]}
Be7 {[%clk 01:12:02]} {[%emt 00:05:03]} 15. a3 {[%clk 01:16:11]} {[%emt
00:01:14]} b6 {[%clk 01:07:49]} {[%emt 00:04:42]} 16. b4 {[%clk 01:15:30]}
{[%emt 00:01:11]} h6 {[%clk 01:06:06]} {[%emt 00:02:13]} 17. b5 {[%clk
01:15:09]} {[%emt 00:00:52]} Na5 {[%clk 01:06:12]} {[%emt 00:00:24]} 18. Qc2
{[%clk 01:13:49]} {[%emt 00:01:49]} g5 {[%clk 01:05:17]} {[%emt 00:01:25]} 19.
Bc3 {[%clk 01:12:23]} {[%emt 00:01:56]} Qc7 {[%clk 01:03:26]} {[%emt 00:02:19]}
20. Qb2 {[%clk 01:09:50]} {[%emt 00:03:04]} gxf4 {[%clk 00:54:32]} {[%emt
00:09:24]} 21. Nxf4 {[%clk 01:10:07]} {[%emt 00:00:14]} Rhg8 {[%clk 00:53:49]}
{[%emt 00:01:13]} 22. Nh5 {[%clk 01:09:18]} {[%emt 00:01:16]} Qb7 {[%clk
00:51:09]} {[%emt 00:03:13]} 23. Bxa5 {[%clk 01:08:15]} {[%emt 00:01:34]} bxa5
{[%clk 00:50:43]} {[%emt 00:00:55]} 24. Ra2 {[%clk 01:08:30]} {[%emt 00:00:15]}
Rg5 {[%clk 00:49:27]} {[%emt 00:01:45]} 25. Ng3 {[%clk 01:08:44]} {[%emt
00:00:16]} Rdg8 {[%clk 00:48:12]} {[%emt 00:01:46]} 26. Re2 {[%clk 01:07:48]}
{[%emt 00:01:26]} h5 {[%clk 00:45:52]} {[%emt 00:02:49]} 27. Ne4 {[%clk
01:06:01]} {[%emt 00:02:17]} R5g6 {[%clk 00:44:23]} {[%emt 00:01:58]} 28. Qd2
{[%clk 01:05:12]} {[%emt 00:01:20]} Qb6 {[%clk 00:44:07]} {[%emt 00:00:47]} 29.
Rb2 {[%clk 01:04:46]} {[%emt 00:00:56]} Bf5 {[%clk 00:41:56]} {[%emt 00:02:41]}
30. Nc3 {[%clk 01:04:22]} {[%emt 00:00:53]} Bg5 {[%clk 00:40:47]} {[%emt
00:01:40]} 31. Qe1 {[%clk 01:03:34]} {[%emt 00:01:18]} Bxd3 {[%clk 00:38:23]}
{[%emt 00:02:54]} 32. Rf2 {[%clk 01:03:11]} {[%emt 00:00:52]} Bh4 {[%clk
00:32:05]} {[%emt 00:06:48]} 33. g3 {[%clk 01:03:25]} {[%emt 00:00:17]} Bf6
{[%clk 00:30:20]} {[%emt 00:02:14]} 34. Nd5 {[%clk 01:03:42]} {[%emt 00:00:14]}
Qd8 {[%clk 00:29:44]} {[%emt 00:00:55]} 35. b6 {[%clk 01:03:20]} {[%emt
00:01:03]} axb6 {[%clk 00:26:54]} {[%emt 00:03:20]} 36. Nxb6+ {[%clk 01:03:21]}
{[%emt 00:00:28]} Kc7 {[%clk 00:26:07]} {[%emt 00:01:16]} 37. Qxa5 {[%clk
01:03:18]} {[%emt 00:00:36]} Kc6 {[%clk 00:25:00]} {[%emt 00:04:05]} 38. Qb5+
{[%clk 01:04:37]} {[%emt 00:00:42]} Kc7 {[%clk 00:24:52]} {[%emt 00:00:36]} 39.
Nd5+ {[%clk 01:04:49]} 1-0